000 00660nam a22002417a 4500
003 UA-OsUOA
001 96130
007 ta
008 20130315b un ||||| |||| 00| 0 ukr d
100 _aПахарев А. Д.
090 _a32(091)
_bП21
942 _cBK
040 _aUA-OsUOA
_brus
_cUA-OsUOA
_dUA-OsUOA
245 _aМыслители о правителях
_bисторико-политологический аспект
300 _a296 с.
955 _a1
041 _arus
080 _a32(091)
020 _a966-316-145-0
260 _aК.
_bЗнания Украины
_c2006
650 7 _a32 Політика
_2UDC
999 _c382384
_d382384